| 000 | 00377nam a22001577a 4500 | ||
|---|---|---|---|
| 003 | OSt | ||
| 005 | 20240305103117.0 | ||
| 008 | 190412b xxu||||| |||| 00| 0 eng d | ||
| 020 | _a978-0073381404 | ||
| 040 | _cIIMT UNIVERSITY | ||
| 100 | _aBALL .DONALG A. | ||
| 245 | _aINTERNATIONAL BUSINEES | ||
| 260 |
_aN.DELHI _bTMH PUB _c2009 |
||
| 300 | _a608 | ||
| 942 |
_2ddc _c02 _e2009 |
||
| 999 |
_c46299 _d46299 |
||